| Tag |
First Indicator |
Second Indicator |
Subfields |
| LEADER |
00000cam a2200000Ii 4500 |
| 001 |
in00004009727 |
| 005 |
20190117084420.0 |
| 006 |
m o d f |
| 007 |
cr cn||||||||| |
| 008 |
180904s2018 coua ob f000 0 eng d |
| 035 |
|
|
|a (OCoLC)on1050392900
|
| 043 |
|
|
|a n-us---
|
| 040 |
|
|
|a GPO
|b eng
|e rda
|e pn
|c GPO
|d GPO
|d MvI
|
| 049 |
|
|
|a WWW
|
| 074 |
|
|
|a 0430-P-09 (online)
|
| 086 |
0 |
|
|a E 9.22:NREL/PR-7 A 40-71813
|z E 9.22:NREL/PR-7A40-71813
|
| 100 |
1 |
|
|a Laws, Nick,
|e author.
|
| 245 |
1 |
0 |
|a When solar+storage make sense /
|c Nick Laws.
|
| 246 |
3 |
|
|a When solar and storage make sense
|
| 264 |
|
1 |
|a [Golden, Colo.] :
|b National Renewable Energy Laboratory,
|c 2018.
|
| 300 |
|
|
|a 1 online resource (27 pages) :
|b color illustrations.
|
| 336 |
|
|
|a text
|b txt
|2 rdacontent
|
| 337 |
|
|
|a computer
|b c
|2 rdamedia
|
| 338 |
|
|
|a online resource
|b cr
|2 rdacarrier
|
| 490 |
1 |
|
|a NREL/PR ;
|v 7A40-71813
|
| 500 |
|
|
|a "June 13, 2018."
|
| 500 |
|
|
|a "NAESCO Technology & Financing Workshop, Milwaukee, WI."
|
| 504 |
|
|
|a Includes bibliographical references (page 26).
|
| 536 |
|
|
|b DE-AC36-08GO28308
|
| 588 |
|
|
|a Description based on online resource; title from PDF title page (NREL, viewed Sept. 3, 2018).
|
| 650 |
|
0 |
|a Solar energy
|z United States.
|
| 650 |
|
0 |
|a Solar energy industries
|z United States
|x Finance.
|
| 650 |
|
0 |
|a Solar cells
|z United States.
|
| 710 |
2 |
|
|a National Renewable Energy Laboratory (U.S.),
|e issuing body.
|
| 710 |
2 |
|
|a Association of Energy Service Companies.
|
| 830 |
|
0 |
|a NREL/PR ;
|v 7A40-71813.
|
| 856 |
4 |
0 |
|u https://purl.fdlp.gov/GPO/gpo108206
|t 0
|
| 999 |
f |
f |
|s ca650613-8d81-3535-9cbf-86e84f7b8785
|i 7d8ecee5-2104-32d0-bef3-f85dde47cb38
|t 0
|
| 952 |
f |
f |
|a Texas A&M University
|b College Station
|c Electronic Resources
|d Available Online
|t 0
|e E 9.22:NREL/PR-7A 40-71813
|h Superintendent of Documents classification
|
| 998 |
f |
f |
|a E 9.22:NREL/PR-7A 40-71813
|t 0
|l Available Online
|